000 01053cam a22003131a 4500
001 15110
003 BD-RjUL
005 20211208235742.0
008 140209s1964 enk b 001 0 eng d
035 _a(BD-RjUL)15164
035 _a(OCoLC)1670989
040 _aDLC
_cFU-L
_dFTaSU-L
_dOCoLC
_dUk
_dDLC
_dBD-RjUL
_beng
041 _aeng
082 0 0 _a629.13
_bMCL 1964
100 1 _aMcNair, Arnold Duncan McNair,
_d1885-1975.
_911701
245 1 4 _aThe law of the air /
_cby Lord McNair.
250 _a3rd ed. /
260 _aLondon :
_bStevens and Sons,
_c1964.
300 _axxxviii, 588 p. ;
_c26 cm.
500 _aIncludes index.
504 _aBibliography: p. 547-548 and Index
650 0 _aAeronautics
_xLaw and legislation
_zGreat Britain.
_925271
650 0 _aAeronautics, Commercial
_xLaw and legislation
_zGreat Britain.
_947033
700 1 _aKerr, Michael R. E.
_q(Michael Robert Emanuel),
_d1921-2002.
_947034
700 1 _aEvans, Anthony H. M.
_947035
942 _2ddc
_cBK
999 _c15110
_d15110